| 000 | 00575nam a2200193Ia 4500 | ||
|---|---|---|---|
| 008 | 151121s9999||||xx |||||||||||||| ||und|| | ||
| 082 | _a813-/भावे | ||
| 082 | _bHNW-118278 | ||
| 100 | _aभावे पु । भा । | ||
| 245 | _aपरंपरा | ||
| 260 | _b"प्रतिमा पकाशन, इलाहाबाद" | ||
| 260 | _c2002 | ||
| 300 | _a137 | ||
| 600 | _aभावे पु । भा । | ||
| 630 | _aपरंपरा | ||
| 700 | _aभावे पु । भा । | ||
| 730 | _aपरंपरा | ||
| 942 | _cBOOK | ||
| 999 |
_c1265803 _d1265800 |
||